[Event "XIII American Continental"]
[Site "Montevideo URU"]
[Date "2018.06.01"]
[Round "1"]
[White "Torres Acosta, Raul"]
[Black "Carbone, Diego"]
[Result "0-1"]
[WhiteElo "1676"]
[BlackElo "2242"]
[EventDate "2018.06.01"]
[PlyCount "50"]

1.e4 d6 2.d4 Nf6 3.Nc3 g6 4.Nf3 Bg7 5.Bc4 O-O 6.Bf4 Bg4 7.h3 Bxf3 8.Qxf3 
Nc6 9.O-O-O Nd7 10.Be3 e5 11.d5 Nd4 12.Bxd4 exd4 13.Ne2 c5 14.dxc6 Ne5 15.
Qb3 bxc6 16.Nxd4 Rb8 17.Qa4 c5 18.Nb5 a6 19.Nxd6 Qg5+ 20.Kb1 Rxb2+ 21.Kxb2
Nxc4+ 22.Kb3 Nxd6 23.Rxd6 Qe5 24.Qxa6 Qc3+ 25.Ka4 Qb4# 0-1

[Event "XIII American Continental"]
[Site "Montevideo URU"]
[Date "2018.06.01"]
[Round "1"]
[White "Benoit, Rodrigo"]
[Black "Ramirez, Agustin"]
[Result "1-0"]
[WhiteElo "2238"]
[BlackElo "1675"]
[EventDate "2018.06.01"]
[PlyCount "39"]

1.d4 d5 2.c4 e6 3.Nf3 Nf6 4.Nc3 c6 5.e3 Bb4 6.Bd2 Nbd7 7.Bd3 dxc4 8.Bxc4 
Nd5 9.O-O N7b6 10.Be2 Qc7 11.Rc1 Nxc3 12.bxc3 Ba3 13.Rb1 Be7 14.e4 O-O 15.
c4 Rd8 16.Qb3 Nd7 17.Be3 b6 18.Rfd1 Ba6 19.Qb2 Nf6 20.Bd3 1-0

[Event "XIII American Continental"]
[Site "Montevideo URU"]
[Date "2018.06.01"]
[Round "1"]
[White "Miraballes Lopez, Andres"]
[Black "Gauche, Charles"]
[Result "0-1"]
[WhiteElo "1665"]
[BlackElo "2235"]
[EventDate "2018.06.01"]
[PlyCount "74"]

1.e4 c5 2.Nf3 e6 3.d4 cxd4 4.Nxd4 Nc6 5.Nxc6 bxc6 6.Nc3 d5 7.a3 Nf6 8.e5 
Nd7 9.f4 Be7 10.Qg4 O-O 11.Bd3 Nc5 12.O-O Nxd3 13.cxd3 f5 14.Qf3 c5 15.Ne2
Rb8 16.Kh1 Rb3 17.Nc3 d4 18.Qd1 Qb6 19.Na2 a5 20.Nb4 a4 21.Nc2 Ba6 22.Rf3 
Qb5 23.Ne1 Bh4 24.g3 Bd8 25.Kg1 Ba5 26.Ng2 Rxd3 27.Rxd3 Qxd3 28.Qxd3 Bxd3 
29.Nh4 Be4 30.Kf2 Rb8 31.Nf3 Rb3 32.Ng5 Bd5 33.Rb1 c4 34.Ke2 h6 35.Nh3 
Bf3+ 36.Kf2 Be4 37.Ra1 d3 0-1

[Event "XIII American Continental"]
[Site "Montevideo URU"]
[Date "2018.06.01"]
[Round "1"]
[White "Teixeira, Ricardo da Silva"]
[Black "Fein, Jorge"]
[Result "1-0"]
[WhiteElo "2235"]
[BlackElo "1648"]
[EventDate "2018.06.01"]
[PlyCount "101"]

1.Nf3 Nf6 2.d4 e6 3.g3 d5 4.Bg2 Nbd7 5.O-O Be7 6.c4 O-O 7.Qc2 c6 8.Nbd2 
Re8 9.e4 dxe4 10.Nxe4 Nxe4 11.Qxe4 Nf6 12.Qe2 Nd7 13.h4 h6 14.Bf4 c5 15.
Rad1 Qa5 16.a3 a6 17.dxc5 Qxc5 18.Ne5 Nxe5 19.Bxe5 f6 20.Bf4 e5 21.Bd5+ 
Kh7 22.Qc2+ g6 23.h5 Bf5 24.hxg6+ Bxg6 25.Be4 Rg8 26.Rd7 exf4 27.Bxg6+ 
Rxg6 28.Re1 Re8 29.b4 Qh5 30.Rdxe7+ Rxe7 31.Rxe7+ Kg8 32.Qd2 Rg7 33.Rxg7+ 
Kxg7 34.Qxf4 Qd1+ 35.Kg2 Qd7 36.Qe4 Qc7 37.Qd5 Qe7 38.c5 Qc7 39.a4 Qe7 40.
b5 axb5 41.axb5 Kf8 42.c6 b6 43.Qd4 f5 44.Qh8+ Kf7 45.Qh7+ Ke6 46.Qxe7+ 
Kxe7 47.Kf3 Kd6 48.Kf4 Ke6 49.f3 h5 50.Kg5 h4 51.gxh4 1-0

[Event "XIII American Continental"]
[Site "Montevideo URU"]
[Date "2018.06.01"]
[Round "1"]
[White "Amaral, Francisco"]
[Black "Coppola, Claudio"]
[Result "0-1"]
[WhiteElo "1637"]
[BlackElo "2228"]
[EventDate "2018.06.01"]
[PlyCount "80"]

1.e4 c5 2.Nf3 d6 3.c4 Nf6 4.Nc3 g6 5.d4 cxd4 6.Nxd4 Bg7 7.Be2 Nc6 8.Be3 
O-O 9.O-O Bd7 10.Nxc6 bxc6 11.f3 Rb8 12.Qd2 Qa5 13.Rac1 Rfd8 14.Rfd1 Be6 
15.b3 Nd7 16.Na4 Qc7 17.Nc3 Qb7 18.h3 a5 19.Na4 Ra8 20.f4 Qb4 21.Bd4 Bxd4+
22.Qxd4 Nc5 23.Nxc5 Qxc5 24.Bf3 a4 25.Rd3 Qxd4+ 26.Rxd4 Rdb8 27.Rd3 Rb4 
28.g4 axb3 29.axb3 Ra2 30.f5 gxf5 31.exf5 Bd7 32.Rcc3 f6 33.Re3 Kf7 34.
Rcd3 h5 35.Be2 Rb8 36.Kg2 Rg8 37.Kg3 hxg4 38.hxg4 Bxf5 39.Rd4 Bc8 40.Rd1 
Rxe2 0-1

[Event "XIII American Continental"]
[Site "Montevideo URU"]
[Date "2018.06.01"]
[Round "1"]
[White "Borges, Guilherme Deola"]
[Black "Palacio, Enzo"]
[Result "1-0"]
[WhiteElo "2219"]
[BlackElo "1633"]
[EventDate "2018.06.01"]
[PlyCount "51"]

1.d4 d5 2.c4 e6 3.Nc3 Nf6 4.cxd5 exd5 5.Bg5 Be7 6.e3 O-O 7.Bd3 c6 8.Qc2 
Nbd7 9.Nge2 Re8 10.f3 Nf8 11.Bh4 Ng6 12.Bf2 c5 13.O-O b6 14.Rad1 Bb7 15.
Bf5 c4 16.e4 dxe4 17.fxe4 Bc8 18.e5 Bxf5 19.Qxf5 Nd5 20.e6 fxe6 21.Qxe6+ 
Kh8 22.Qxd5 Bd6 23.Bg3 Bxg3 24.Nxg3 Qe7 25.Nf5 Qc7 26.Nd6 1-0

[Event "XIII American Continental"]
[Site "Montevideo URU"]
[Date "2018.06.01"]
[Round "1"]
[White "Oviedo, Mathias"]
[Black "Fernandez, Maria Florencia"]
[Result "0-1"]
[WhiteElo "1611"]
[BlackElo "2203"]
[EventDate "2018.06.01"]
[PlyCount "50"]

1.e4 c5 2.Nf3 d6 3.d4 cxd4 4.Nxd4 Nf6 5.Nc3 g6 6.Be3 Bg7 7.f3 O-O 8.Qd2 
Nc6 9.O-O-O d5 10.exd5 Nxd5 11.Nxc6 bxc6 12.Nxd5 cxd5 13.Qxd5 Qc7 14.Qxa8 
Bf5 15.Qxf8+ Kxf8 16.Rd2 Kg8 17.Be2 h5 18.h3 Qe5 19.Bd4 Qa5 20.Bc4 Bh6 21.
Bc3 Qc5 22.Bb3 Qf2 23.g4 Qxf3 24.Rd1 hxg4 25.hxg4 Bxg4 0-1

[Event "XIII American Continental"]
[Site "Montevideo URU"]
[Date "2018.06.01"]
[Round "1"]
[White "Mesias Rojas, Rabindranath"]
[Black "Bon, Charles"]
[Result "1-0"]
[WhiteElo "2203"]
[BlackElo "1591"]
[EventDate "2018.06.01"]
[PlyCount "53"]

1.d4 Nf6 2.Nc3 g6 3.e4 d6 4.Be2 Bg7 5.h4 h5 6.Bg5 Nbd7 7.Nf3 O-O 8.Qd2 c5 
9.Bh6 cxd4 10.Bxg7 Kxg7 11.Nxd4 Nc5 12.f3 a6 13.O-O-O Qc7 14.g4 e5 15.Nb3 
Rd8 16.g5 Ne8 17.f4 Be6 18.Rhf1 Rac8 19.f5 Bxb3 20.axb3 b5 21.b4 Nd7 22.
Nd5 Qb7 23.Qe3 Nc7 24.Ne7 Nb6 25.Nxc8 Nxc8 26.fxg6 fxg6 27.Qf3 1-0

[Event "XIII American Continental"]
[Site "Montevideo URU"]
[Date "2018.06.01"]
[Round "1"]
[White "Cardozo, Camila"]
[Black "Cabrera Pando, Ramiro"]
[Result "0-1"]
[WhiteElo "1586"]
[BlackElo "2196"]
[EventDate "2018.06.01"]
[PlyCount "50"]

1.d4 g6 2.Nf3 Bg7 3.c4 c5 4.d5 d6 5.Nc3 Bxc3+ 6.bxc3 f5 7.g3 Qa5 8.Qc2 Nd7
9.Bg2 Nb6 10.Nd2 Nf6 11.O-O Bd7 12.e4 O-O-O 13.e5 dxe5 14.Re1 e4 15.Nb3 
Qa4 16.Bg5 Nxc4 17.Bxf6 exf6 18.Qe2 b6 19.Nd2 Nxd2 20.Qxd2 Bb5 21.f3 Rhe8 
22.fxe4 fxe4 23.Qf4 f5 24.d6 Bd3 25.Red1 c4 0-1

[Event "XIII American Continental"]
[Site "Montevideo URU"]
[Date "2018.06.01"]
[Round "1"]
[White "Cerda Albornoz, Guillermo"]
[Black "Arias Duran, Jorge"]
[Result "1-0"]
[WhiteElo "2195"]
[BlackElo "1581"]
[EventDate "2018.06.01"]
[PlyCount "43"]

1.d4 Nf6 2.Nf3 c5 3.d5 g6 4.Nc3 d6 5.e4 Bg7 6.h3 a6 7.a4 O-O 8.Bc4 Nbd7 9.
O-O Qc7 10.Bf4 Nh5 11.Bh2 Nb6 12.Nd2 Nxc4 13.Nxc4 Bd7 14.e5 dxe5 15.d6 
exd6 16.Nd5 Qd8 17.Ndb6 Bxh3 18.gxh3 Qg5+ 19.Qg4 Qxg4+ 20.hxg4 Nf6 21.Nxa8
Rxa8 22.Nxd6 1-0

[Event "XIII American Continental"]
[Site "Montevideo URU"]
[Date "2018.06.01"]
[Round "1"]
[White "Mordetzki, Ariel"]
[Black "Carvalho, Guillermo"]
[Result "0-1"]
[WhiteElo "1542"]
[BlackElo "2195"]
[EventDate "2018.06.01"]
[PlyCount "70"]

1.e4 e5 2.Nf3 Nc6 3.Bc4 Be7 4.d4 d6 5.h3 Nf6 6.Nc3 O-O 7.O-O h6 8.Be3 a6 
9.a4 Re8 10.Re1 Bf8 11.Bb3 exd4 12.Bxd4 Be6 13.Bxe6 Rxe6 14.Bxf6 Qxf6 15.
Nd5 Qd8 16.Nd4 Nxd4 17.Qxd4 c6 18.Ne3 g6 19.c3 Qe7 20.Nc4 Re8 21.Nd2 d5 
22.f3 Qg5 23.b4 Bg7 24.Qe3 Qd8 25.Rac1 Qh4 26.Qf2 Qg5 27.exd5 Rxe1+ 28.
Rxe1 Rxe1+ 29.Qxe1 Bxc3 30.Qe8+ Kg7 31.Ne4 Bd4+ 32.Kh2 Qf4+ 33.Kh1 cxd5 
34.Nc5 Qc1+ 35.Kh2 Bg1+ 0-1

[Event "XIII American Continental"]
[Site "Montevideo URU"]
[Date "2018.06.01"]
[Round "1"]
[White "Donoso Diaz, Sebastian"]
[Black "Araujo, Daniel"]
[Result "1-0"]
[WhiteElo "2184"]
[BlackElo "1529"]
[EventDate "2018.06.01"]
[PlyCount "53"]

1.d4 d5 2.c4 e6 3.Nf3 Nf6 4.g3 Be7 5.Bg2 O-O 6.O-O Nc6 7.b3 b6 8.Bb2 Bb7 
9.Nc3 Re8 10.Rc1 Rc8 11.Ne5 Ba8 12.Nb5 a6 13.Nxc6 Bxc6 14.Na7 Qd7 15.Nxc6 
Qxc6 16.cxd5 Qd7 17.dxe6 Qxe6 18.e4 c6 19.d5 cxd5 20.Rxc8 Rxc8 21.exd5 Qd6
22.Re1 Rd8 23.Qe2 Re8 24.Be5 Qc5 25.Bxf6 gxf6 26.Be4 Qb5 27.Qg4+ 1-0

[Event "XIII American Continental"]
[Site "Montevideo URU"]
[Date "2018.06.01"]
[Round "1"]
[White "Stetsenko, Ilya"]
[Black "Januario, Severino Pereira"]
[Result "0-1"]
[WhiteElo "1461"]
[BlackElo "2175"]
[EventDate "2018.06.01"]
[PlyCount "46"]

1.d4 Nf6 2.c4 g6 3.Nc3 Bg7 4.e4 d6 5.Be2 O-O 6.Be3 Nc6 7.d5 Nb8 8.g4 c6 9.
h4 Qa5 10.f3 b5 11.dxc6 bxc4 12.Qa4 Nxc6 13.Qxc6 Bd7 14.Qxc4 Rab8 15.Bd2 
Rxb2 16.Rb1 Be6 17.Qa6 Rxb1+ 18.Nxb1 Qe5 19.Qxa7 Nxe4 20.fxe4 Qxe4 21.Rh3 
Qxb1+ 22.Kf2 Qb2 23.Qe3 Bd4 0-1

[Event "XIII American Continental"]
[Site "Montevideo URU"]
[Date "2018.06.01"]
[Round "1"]
[White "Madeira, Wagner Martins"]
[Black "Ribeiro, Gilnei Guedes"]
[Result "1-0"]
[WhiteElo "2171"]
[BlackElo "1445"]
[EventDate "2018.06.01"]
[PlyCount "59"]

1.e4 c5 2.Nf3 e6 3.c3 d6 4.d4 cxd4 5.cxd4 Nf6 6.Nc3 a6 7.Bd3 Be7 8.O-O O-O
9.Qe2 Nbd7 10.e5 dxe5 11.dxe5 Nd5 12.Qe4 f5 13.exf6 N7xf6 14.Qe2 Nxc3 15.
bxc3 b5 16.Nd4 Qd5 17.a4 Rb8 18.axb5 axb5 19.Bxb5 Kh8 20.Bf4 Bb7 21.f3 
Rbc8 22.Nxe6 Rf7 23.Rfd1 Qh5 24.Qe5 Qg6 25.Bd3 Qh5 26.Qxh5 Nxh5 27.Be5 Nf6
28.Ba6 Bxa6 29.Rxa6 h6 30.Kh1 1-0

[Event "XIII American Continental"]
[Site "Montevideo URU"]
[Date "2018.06.01"]
[Round "1"]
[White "Maestro, Esteban"]
[Black "Carvalho, Herbert Abreu"]
[Result "0-1"]
[WhiteElo "1444"]
[BlackElo "2149"]
[EventDate "2018.06.01"]
[PlyCount "84"]

1.e4 g6 2.d4 Bg7 3.Nc3 d6 4.Nf3 Nf6 5.Be2 O-O 6.O-O c6 7.a4 a5 8.h3 Na6 9.
Be3 Nb4 10.Nd2 d5 11.e5 Ne8 12.Na2 Nxa2 13.Rxa2 c5 14.c3 Nc7 15.h4 Na6 16.
f4 cxd4 17.Bxd4 Qc7 18.Qb3 Be6 19.Qb6 Rfc8 20.Ra3 Qxb6 21.Bxb6 f6 22.Bd4 
fxe5 23.fxe5 Nc5 24.Bb5 Bd7 25.Bxd7 Nxd7 26.Nf3 Rc4 27.b3 Rc6 28.Ra2 Nc5 
29.Bxc5 Rxc5 30.Rc2 Rac8 31.Rfc1 Bh6 32.Ng5 Bxg5 33.hxg5 d4 34.Rd1 dxc3 
35.Rd7 R8c7 36.Rd3 Kf7 37.Re3 Ke6 38.Kf2 Kf5 39.g4+ Kxg4 40.Rg3+ Kf5 41.
Ke3 Kxe5 42.Rf3 Ke6 0-1

[Event "XIII American Continental"]
[Site "Montevideo URU"]
[Date "2018.06.01"]
[Round "1"]
[White "Markzon, Gregory"]
[Black "Aprahamian, Tomas"]
[Result "1-0"]
[WhiteElo "2144"]
[BlackElo "1399"]
[EventDate "2018.06.01"]
[PlyCount "81"]

1.d4 e6 2.c4 d5 3.Nc3 Nf6 4.cxd5 exd5 5.Bg5 Nbd7 6.e3 c6 7.Bd3 Be7 8.Nge2 
O-O 9.O-O h6 10.Bh4 Re8 11.Qc2 Nf8 12.Rae1 Ne6 13.f3 g6 14.b4 g5 15.Bf2 
Bxb4 16.h3 Nf8 17.e4 dxe4 18.fxe4 Be6 19.Rb1 Bxc3 20.Nxc3 b6 21.e5 Nd5 22.
Ne4 Qc7 23.Bc4 Nd7 24.Nd6 Rf8 25.Bxd5 Bxd5 26.Nf5 h5 27.Ne7+ Kg7 28.Nxd5 
Qb7 29.Ne3 Rad8 30.Qf5 Kh6 31.Nc4 Qc7 32.Be3 f6 33.Nd6 c5 34.h4 cxd4 35.
hxg5+ fxg5 36.Qxg5+ Kh7 37.Qh6+ Kg8 38.Qg6+ Kh8 39.Nf7+ Rxf7 40.Rxf7 Nf8 
41.Qg7# 1-0

[Event "XIII American Continental"]
[Site "Montevideo URU"]
[Date "2018.06.01"]
[Round "1"]
[White "Macias Araya, Javier"]
[Black "Balzano, Ivan"]
[Result "0-1"]
[WhiteElo "1378"]
[BlackElo "2142"]
[EventDate "2018.06.01"]
[PlyCount "70"]

1.e4 c5 2.Nf3 Nc6 3.d3 g6 4.g3 Bg7 5.Bg2 Nf6 6.O-O d5 7.Re1 dxe4 8.dxe4 
Qxd1 9.Rxd1 Nxe4 10.Nbd2 Bf5 11.Nh4 O-O-O 12.Nxf5 gxf5 13.Rb1 Bh6 14.f4 e5
15.Bxe4 fxe4 16.Re1 f5 17.Nc4 exf4 18.Bxf4 Bxf4 19.gxf4 Rhg8+ 20.Kh1 Ne7 
21.Red1 Kc7 22.Rd2 Rxd2 23.Nxd2 Rg4 24.Rf1 Ng6 25.Nb3 b6 26.Nd2 Rxf4 27.
Rxf4 Nxf4 28.Kg1 b5 29.Nf1 Kd6 30.Ne3 Ke5 31.Kf2 Nd5 32.Nxd5 Kxd5 33.Ke3 
Ke5 34.b3 f4+ 35.Kf2 Kd4 0-1

[Event "XIII American Continental"]
[Site "Montevideo URU"]
[Date "2018.06.01"]
[Round "1"]
[White "Curi Milia, Gabriel"]
[Black "Shih Ferreira, Yin Chieh"]
[Result "1-0"]
[WhiteElo "2141"]
[BlackElo "1378"]
[EventDate "2018.06.01"]
[PlyCount "41"]

1.d4 d5 2.c4 g6 3.cxd5 Qxd5 4.Nc3 Qd8 5.e4 Bg7 6.Be3 e6 7.Qd2 Ne7 8.O-O-O 
O-O 9.h4 b6 10.h5 Bb7 11.Bh6 Nbc6 12.Bxg7 Kxg7 13.hxg6 fxg6 14.Qh6+ Kf6 
15.d5 exd5 16.exd5 Nb4 17.Qf4+ Kg7 18.Qxb4 Nxd5 19.Nxd5 Qg5+ 20.f4 Qf5 21.
Qd4+ 1-0

[Event "XIII American Continental"]
[Site "Montevideo URU"]
[Date "2018.06.01"]
[Round "1"]
[White "Kulik, Nicolas"]
[Black "Granara Barreto, Sebastian"]
[Result "0-1"]
[WhiteElo "1367"]
[BlackElo "2141"]
[EventDate "2018.06.01"]
[PlyCount "50"]

1.d4 c5 2.c4 Nf6 3.Nf3 g6 4.Nc3 cxd4 5.Nxd4 Bg7 6.Bg5 O-O 7.e3 Nc6 8.Be2 
d6 9.O-O Bd7 10.Bf3 Rc8 11.Nxc6 Bxc6 12.Rc1 Qd7 13.Nd5 Nxd5 14.cxd5 Bb5 
15.Re1 Bxb2 16.Rb1 Bc3 17.Be2 Ba4 18.Bg4 f5 19.Bxf5 Qxf5 20.Qf3 Bxe1 21.
Qxf5 Rxf5 22.Bxe7 Bxf2+ 23.Kh1 Bxe3 24.g4 Bc2 25.Rxb7 Be4# 0-1

[Event "XIII American Continental"]
[Site "Montevideo URU"]
[Date "2018.06.01"]
[Round "1"]
[White "Dominguez Barreto, Facundo"]
[Black "Podesta, Sofia"]
[Result "1-0"]
[WhiteElo "2141"]
[BlackElo "1195"]
[EventDate "2018.06.01"]
[PlyCount "50"]

1.e4 e6 2.d4 d5 3.Nd2 Be7 4.Bd3 Nf6 5.e5 Nfd7 6.Ne2 b6 7.c3 Ba6 8.Bxa6 
Nxa6 9.O-O O-O 10.f4 f6 11.Nf3 fxe5 12.fxe5 Qe8 13.Be3 Qg6 14.Nf4 Qf5 15.
Nd2 Bd8 16.Qe2 Nab8 17.Rac1 Qf7 18.Nxd5 Qe8 19.Nf4 c6 20.Qg4 Rf7 21.Ne4 
Bc7 22.Qxe6 Qe7 23.Ng5 Qxg5 24.Nd5 Qd8 25.Qxf7+ Kh8 1-0

[Event "XIII American Continental"]
[Site "Montevideo URU"]
[Date "2018.06.01"]
[Round "1"]
[White "Baratta, Daniel"]
[Black "Lopez Falcon, Jorge"]
[Result "0-1"]
[WhiteElo "1193"]
[BlackElo "2120"]
[EventDate "2018.06.01"]
[PlyCount "64"]

1.d4 Nf6 2.c4 c5 3.d5 b5 4.b3 g6 5.Bb2 Bg7 6.Nd2 O-O 7.Ngf3 d6 8.e3 b4 9.
Be2 a5 10.O-O e6 11.e4 Re8 12.Re1 Ra7 13.Qc2 exd5 14.exd5 a4 15.Nf1 a3 16.
Bc1 Ne4 17.Bd2 Bxa1 18.Rxa1 Nxd2 19.Qxd2 Qf6 20.Rb1 Bf5 21.Bd3 Bxd3 22.
Qxd3 Rae7 23.Ng3 Nd7 24.h3 Qf4 25.Kh2 h5 26.h4 Ne5 27.Nxe5 Qxh4+ 28.Kg1 
Rxe5 29.Qd2 Qg4 30.f4 Re2 31.Nxe2 Rxe2 32.Qxe2 Qxe2 0-1

[Event "XIII American Continental"]
[Site "Montevideo URU"]
[Date "2018.06.02"]
[Round "2"]
[White "Soto Vega, Jorge"]
[Black "Shankland, Samuel"]
[Result "0-1"]
[WhiteElo "2357"]
[BlackElo "2717"]
[EventDate "2018.06.01"]
[PlyCount "120"]

1.e4 c5 2.Nf3 Nc6 3.Bb5 g6 4.O-O Bg7 5.Re1 Nf6 6.c3 O-O 7.h3 Qb6 8.a4 Rd8 
9.e5 Ne8 10.Na3 d6 11.Nc4 Qc7 12.Bxc6 Qxc6 13.exd6 Nxd6 14.Nce5 Qc7 15.d4 
cxd4 16.Qxd4 f6 17.Ng4 Nc4 18.Qf4 Qxf4 19.Bxf4 h5 20.Ngh2 e5 21.Bc1 Be6 
22.Nf1 Rd3 23.N3d2 Na5 24.f4 Rad8 25.fxe5 fxe5 26.Ne4 Nb3 27.Rb1 Bd7 28.
Bg5 Rf8 29.a5 Bc6 30.Be7 Rf7 31.Bb4 Bf8 32.Nf2 Rd5 33.Rbd1 Rxd1 34.Nxd1 
Bxb4 35.cxb4 Rf4 36.Rxe5 Rxb4 37.a6 Kf7 38.axb7 Rxb7 39.Re2 Nd4 40.Rf2+ 
Ke6 41.Nfe3 h4 42.Nc3 Nf5 43.Ng4 Rb4 44.Re2+ Kd6 45.Ne5 Ng3 46.Nf7+ Kc5 
47.Rc2 Kd4 48.Ng5 Kd3 49.Rf2 Rb6 50.Ne6 Ba8 51.Nc5+ Kc4 52.N5a4 Rd6 53.
Rf4+ Kb3 54.Kf2 g5 55.Rg4 Bc6 56.Ke1 Kc2 57.Nc5 Rf6 58.Rxg3 hxg3 59.Ne2 
Kxb2 60.Nxg3 a5 0-1

[Event "XIII American Continental"]
[Site "Montevideo URU"]
[Date "2018.06.02"]
[Round "2"]
[White "Cori Tello, Jorge"]
[Black "Ruiz Castillo, Joshua Daniel"]
[Result "1-0"]
[WhiteElo "2659"]
[BlackElo "2378"]
[EventDate "2018.06.01"]
[PlyCount "93"]

1.d4 Nf6 2.Nf3 e6 3.e3 Be7 4.Bd3 c5 5.O-O cxd4 6.exd4 O-O 7.Re1 b6 8.Bf4 
Bb7 9.c3 d6 10.h3 Re8 11.Bh2 Nbd7 12.a4 a6 13.Nbd2 Qc7 14.Rc1 Bc6 15.c4 
Qa7 16.b4 Rac8 17.Nb1 a5 18.b5 Bb7 19.Nbd2 Qa8 20.Bf1 d5 21.Re3 Bb4 22.Bg3
Ne4 23.Nxe4 dxe4 24.Ne5 Nxe5 25.Bxe5 f6 26.Bf4 e5 27.dxe5 fxe5 28.Bg5 Bc5 
29.Rg3 Rc7 30.Rc2 Rf7 31.Be3 Qc8 32.Rd2 Ref8 33.Bxc5 Qxc5 34.Qe1 Kh8 35.
Qe3 Qc7 36.Qg5 h6 37.Qe3 Rf6 38.h4 R8f7 39.h5 Kh7 40.Rg4 Re7 41.Qg3 Ree6 
42.Be2 Ba8 43.c5 bxc5 44.Bc4 Re8 45.Rg6 Ref8 46.Be6 e3 47.fxe3 1-0

[Event "XIII American Continental"]
[Site "Montevideo URU"]
[Date "2018.06.02"]
[Round "2"]
[White "Lujan, Carolina"]
[Black "Xiong, Jeffery"]
[Result "0-1"]
[WhiteElo "2341"]
[BlackElo "2656"]
[EventDate "2018.06.01"]
[PlyCount "88"]

1.e4 c5 2.Nf3 d6 3.d4 Nf6 4.Nc3 cxd4 5.Nxd4 a6 6.g3 g6 7.Bg2 Bg7 8.O-O O-O
9.a4 Nc6 10.Nde2 Rb8 11.Nd5 e6 12.Nxf6+ Bxf6 13.Rb1 b5 14.axb5 axb5 15.Be3
b4 16.Nd4 Ne5 17.Qe2 Qc7 18.b3 Ra8 19.Ra1 Bb7 20.Nb5 Qc6 21.Na7 Qd7 22.Ra4
Nc6 23.Rd1 Nxa7 24.Rxa7 Rxa7 25.Bxa7 Bxe4 26.Qxe4 Qxa7 27.Rxd6 Be7 28.Rd1 
Rc8 29.Bf1 Rc5 30.Kg2 Rf5 31.f3 Ra5 32.Bc4 Ra2 33.Qe2 Kg7 34.Qe5+ Bf6 35.
Qe4 Qc5 36.Re1 Bd8 37.Rd1 Bf6 38.Re1 h5 39.Re2 Bc3 40.Qb7 Ra1 41.Qe4 Rg1+ 
42.Kh3 Qc8 43.Rg2 e5+ 44.g4 hxg4+ 0-1

[Event "XIII American Continental"]
[Site "Montevideo URU"]
[Date "2018.06.02"]
[Round "2"]
[White "Mareco, Sandro"]
[Black "De Dovitiis, Alejo"]
[Result "0-1"]
[WhiteElo "2643"]
[BlackElo "2343"]
[EventDate "2018.06.01"]
[PlyCount "70"]

1.Nf3 Nf6 2.c4 e6 3.d4 d5 4.Nc3 Be7 5.Bf4 O-O 6.e3 Nbd7 7.cxd5 Nxd5 8.Bg3 
c5 9.Nxd5 exd5 10.dxc5 Nxc5 11.Be2 Qa5+ 12.Kf1 Ne4 13.Be5 Bg4 14.h3 Bxf3 
15.gxf3 Nd2+ 16.Kg2 d4 17.exd4 Rad8 18.a3 Rxd4 19.Bg3 f5 20.Rg1 f4 21.Bh2 
Qg5+ 22.Kh1 Qd5 23.Rc1 Bd6 24.Rc3 b5 25.Qc2 Re8 26.Rc8 Nxf3 27.Rxe8+ Kf7 
28.Rg2 Nh4 29.f3 Nxg2 30.Qc8 Ne3 31.Qd7+ Kf6 32.Bg1 Rd2 33.Bxe3 fxe3 34.
Re4 Rd1+ 35.Kg2 Rg1+ 0-1

[Event "XIII American Continental"]
[Site "Montevideo URU"]
[Date "2018.06.02"]
[Round "2"]
[White "Aranha Filho, Alvaro Zimmermann"]
[Black "Cordova Daza, Emilio"]
[Result "0-1"]
[WhiteElo "2304"]
[BlackElo "2621"]
[EventDate "2018.06.01"]
[PlyCount "82"]

1.d4 Nf6 2.Nf3 e6 3.Bg5 c5 4.e3 b6 5.d5 h6 6.Bxf6 gxf6 7.e4 a6 8.a4 Bg7 9.
Nc3 f5 10.e5 d6 11.dxe6 Bxe6 12.exd6 Nc6 13.Be2 Nd4 14.O-O Qxd6 15.Bd3 Qc6
16.Nxd4 Bxd4 17.Be2 Rd8 18.Bf3 Qc8 19.Qc1 Bf6 20.Rd1 Rxd1+ 21.Qxd1 O-O 22.
Nd5 Qd8 23.c4 Bxb2 24.Rb1 Bd4 25.Nxb6 Qd6 26.Nd5 Rb8 27.g3 Kg7 28.Rb3 Bd7 
29.Rd3 Qe5 30.Kg2 Rb2 31.Rd2 Bxa4 32.Qc1 Bb3 33.Rxb2 Bxb2 34.Qf1 Bc2 35.
Kg1 Bd4 36.Qc1 Be4 37.Bxe4 Qxe4 38.Nf4 a5 39.Nh5+ Kh7 40.Nf4 a4 41.Qd1 a3 
0-1

[Event "XIII American Continental"]
[Site "Montevideo URU"]
[Date "2018.06.02"]
[Round "2"]
[White "Flores, Diego"]
[Black "Varacalli, Francisco"]
[Result "1/2-1/2"]
[WhiteElo "2614"]
[BlackElo "2312"]
[EventDate "2018.06.01"]
[PlyCount "54"]

1.Nf3 Nf6 2.g3 g6 3.b3 Bg7 4.Bb2 O-O 5.Bg2 d6 6.d4 c5 7.c4 Nc6 8.O-O cxd4 
9.Nxd4 Bd7 10.Nc3 Nxd4 11.Qxd4 Bc6 12.Nd5 Ne8 13.Qd2 Bxb2 14.Qxb2 Bxd5 15.
Bxd5 Qc7 16.Rfd1 Nf6 17.Bf3 Rab8 18.Rac1 Rfc8 19.b4 Qb6 20.Qa3 a5 21.bxa5 
Qc5 22.Rd3 Ra8 23.Bxb7 Rxa5 24.Qb2 Rc7 25.Rb3 Ra4 26.Bd5 Rca7 27.Rb5 Rxa2 
1/2-1/2

[Event "XIII American Continental"]
[Site "Montevideo URU"]
[Date "2018.06.02"]
[Round "2"]
[White "Cruz Sanchez, Cristhian"]
[Black "Foisor, Sabina-Francesca"]
[Result "1-0"]
[WhiteElo "2576"]
[BlackElo "2301"]
[EventDate "2018.06.01"]
[PlyCount "113"]

1.c4 c6 2.Nf3 d5 3.e3 Nf6 4.Nc3 a6 5.b3 Bg4 6.h3 Bh5 7.Ba3 e6 8.Bxf8 Kxf8 
9.Be2 Nbd7 10.O-O Bxf3 11.Bxf3 h5 12.d4 g5 13.Be2 g4 14.hxg4 hxg4 15.Bxg4 
Ke7 16.Bf3 Qc7 17.g3 Rh3 18.Bg2 Rh6 19.cxd5 exd5 20.Re1 Rg8 21.e4 dxe4 22.
Nxe4 Kd8 23.Nxf6 Rxf6 24.Qd2 Qd6 25.Re3 Re6 26.d5 Rxe3 27.Qxe3 Qe5 28.Qxe5
Nxe5 29.dxc6 Nxc6 30.Bd5 Rf8 31.Rc1 Kc7 32.Rc4 f6 33.Bxc6 bxc6 34.Rf4 a5 
35.g4 Kb6 36.Kg2 a4 37.Rxa4 f5 38.gxf5 Rxf5 39.f4 Kc7 40.Kg3 Kd6 41.Re4 
Rd5 42.Re2 Rd1 43.Kg4 Rg1+ 44.Kh5 Rf1 45.Kg5 Rg1+ 46.Kf6 Kd7 47.f5 Rg3 48.
Kf7 Rg5 49.Rd2+ Kc7 50.f6 Rg1 51.Ke8 Re1+ 52.Kf8 Rf1 53.f7 Rg1 54.Rf2 Kd7 
55.a4 Rg3 56.a5 Rxb3 57.Kg7 1-0

[Event "XIII American Continental"]
[Site "Montevideo URU"]
[Date "2018.06.02"]
[Round "2"]
[White "Colas, Joshua"]
[Black "Liang, Awonder"]
[Result "0-1"]
[WhiteElo "2285"]
[BlackElo "2571"]
[EventDate "2018.06.01"]
[PlyCount "84"]

1.Nf3 Nf6 2.c4 e6 3.g3 Be7 4.Bg2 O-O 5.O-O d5 6.b3 b6 7.Bb2 Bb7 8.e3 dxc4 
9.bxc4 c5 10.Nc3 Nc6 11.Qe2 Qc7 12.Nb5 Qd7 13.Rfd1 a6 14.Nc3 Qc7 15.Rab1 
Rab8 16.d3 Rfd8 17.a3 Na5 18.Na2 Ba8 19.Bc3 Nc6 20.Qc2 h6 21.Nc1 e5 22.Nb3
Bd6 23.Nh4 b5 24.cxb5 axb5 25.Be1 Qa7 26.Rdc1 Nd7 27.Ra1 Ne7 28.Nd2 Bxg2 
29.Nxg2 Nf6 30.a4 b4 31.Nc4 Qa6 32.Nxd6 b3 33.Qc4 Qxd6 34.Rc3 b2 35.Rb1 e4
36.Bd2 Ng6 37.Ne1 Ne5 38.Qxc5 Qe6 39.d4 Nf3+ 40.Nxf3 Qa2 41.Rxb2 Rxb2 42.
Bc1 Rxf2 0-1

[Event "XIII American Continental"]
[Site "Montevideo URU"]
[Date "2018.06.02"]
[Round "2"]
[White "Pichot, Alan"]
[Black "Muniz, Rafael"]
[Result "1-0"]
[WhiteElo "2564"]
[BlackElo "2290"]
[EventDate "2018.06.01"]
[PlyCount "63"]

1.e4 c5 2.Nf3 d6 3.d4 cxd4 4.Nxd4 Nf6 5.Nc3 a6 6.Bg5 e6 7.f4 Be7 8.Qf3 h6 
9.Bh4 Qc7 10.O-O-O Nbd7 11.Be2 Rb8 12.Bxf6 Bxf6 13.Ndb5 axb5 14.Nxb5 Qc5 
15.Nxd6+ Kf8 16.e5 Be7 17.Rd3 Bxd6 18.Rxd6 g6 19.h4 h5 20.a3 b5 21.b4 Qa7 
22.Rhd1 Kg7 23.Qg3 Nb6 24.Qe3 Qc7 25.f5 exf5 26.e6 f6 27.Bxb5 Nc4 28.Bxc4 
Qxc4 29.Rd7+ Bxd7 30.Rxd7+ Kf8 31.Qa7 Qf1+ 32.Kb2 1-0

[Event "XIII American Continental"]
[Site "Montevideo URU"]
[Date "2018.06.02"]
[Round "2"]
[White "Coro, Lucas"]
[Black "Erenburg, Sergey"]
[Result "0-1"]
[WhiteElo "2269"]
[BlackElo "2563"]
[EventDate "2018.06.01"]
[PlyCount "80"]

1.e4 c6 2.d4 d5 3.e5 Bf5 4.h4 Qc7 5.Nc3 h5 6.Bd3 Bxd3 7.Qxd3 e6 8.Nf3 a6 
9.Ne2 c5 10.c3 Nc6 11.Bf4 cxd4 12.Nexd4 Bc5 13.O-O Nge7 14.Nb3 Ba7 15.Rfe1
Nf5 16.Re2 Rc8 17.Nbd2 Nce7 18.Rae1 Ng6 19.Bh2 Ngxh4 20.Nxh4 Nxh4 21.c4 
dxc4 22.Qh3 Ng6 23.Ne4 Bc5 24.Nd6+ Bxd6 25.exd6 Qd7 26.Rxe6+ fxe6 27.Rxe6+
Kd8 28.Bf4 Rc5 29.Rxg6 Qxh3 30.gxh3 Rf5 31.Bg5+ Kd7 32.Rxg7+ Kxd6 33.f4 
Re8 34.Rxb7 Rb5 35.Rxb5 axb5 36.Bf6 b4 37.Kf2 Ra8 38.Ke3 Rxa2 39.Kd4 c3 
40.Be5+ Kc6 0-1